|
|
|
|
| LEADER |
00000nam0a2200000 4500 |
| 001 |
305689 |
| 005 |
20231102001826.0 |
| 020 |
|
|
|a RU
|b 83-70613
|
| 035 |
|
|
|a (RuTPU)RU\TPU\book\330961
|
| 090 |
|
|
|a 305689
|
| 100 |
|
|
|a 20150929d1982 km y0rusy5003 ca
|
| 101 |
0 |
|
|a rus
|
| 102 |
|
|
|a RU
|
| 105 |
|
|
|a a z 001zy
|
| 200 |
1 |
|
|a Кинетика полимеризации и молекулярные характеристики полимеров
|e сборник научных трудов
|f Охтинское научно-производственное объединение "Пластполимер" ; под ред. А. А. Баулин ; под ред. В. Н. Павлюченко
|
| 210 |
|
|
|a Ленинград
|c Изд-во ОНПО "Пластполимер"
|d 1982
|
| 215 |
|
|
|a 148 с.
|c ил.
|
| 606 |
1 |
|
|a Полимеризация
|2 stltpush
|3 (RuTPU)RU\TPU\subj\50187
|9 68927
|
| 610 |
1 |
|
|a кинетика
|
| 610 |
1 |
|
|a полимеры
|
| 610 |
1 |
|
|a молекулярная масса
|
| 610 |
1 |
|
|a полиэтилен
|
| 610 |
1 |
|
|a полипропилен
|
| 610 |
1 |
|
|a сополимеры
|
| 610 |
1 |
|
|a стиролы
|
| 610 |
1 |
|
|a структура
|
| 610 |
1 |
|
|a свойства
|
| 675 |
|
|
|a 678.02
|z rus
|v 3
|
| 702 |
|
1 |
|a Баулин
|b А. А.
|4 340
|
| 702 |
|
1 |
|a Павлюченко
|b В. Н.
|4 340
|
| 712 |
0 |
2 |
|a Охтинское научно-производственное объединение "Пластполимер"
|2 stltpush
|3 (RuTPU)RU\TPU\col\14008
|9 25854
|
| 801 |
|
0 |
|a RU
|b RuMRKP
|c 19950704
|g psbo
|
| 801 |
|
1 |
|a RU
|b 63413507
|c 20150929
|
| 801 |
|
2 |
|a RU
|b 63413507
|c 20190314
|g RCR
|
| 942 |
|
|
|c BK
|